Statistics for Hetalia Characters Quiz

Click here to take the quiz!

General Stats

  • This quiz has been taken 57 times
    (29 since last reset)
  • The average score is 58 of 79

Answer Stats

#ClueAnswer% Correct
4Allies leaderAmerica
100%
18Husband of #17Austria
100%
9Calmer brother of #4Canada
100%
7Over 4000 years oldChina
100%
29Always fights with #28Denmark
100%
5bad cookEngland
100%
27Is SantaFinland
100%
6Always fights with #5France
100%
2Best friend of #1Germany
100%
17Wields a frying panHungary
100%
31Little brother of #30Iceland
100%
3Best friend of #1Japan
100%
20Sister of #19Liechtenstein
100%
30Talks to trollsNorway
100%
13Brother of #11Portugal
100%
10Brother of #2Prussia
100%
12Brother of #1Romano
100%
8Loves sunflowersRussia
100%
11Loves tomatoesSpain
100%
28In love with #27Sweden
100%
19Will shoot youSwitzerland
100%
1Title characterVeneziano
100%
60One half of CzechoslovakiaCzechia
95%
26Wants to be a NordicEstonia
95%
40VampireRomania
95%
50Wants to be a country!Sealand
95%
61One half of CzechoslovakiaSlovakia
95%
22Sister of #21Ukraine
95%
21Wields knivesBelarus
90%
43Sleeps a lotGreece
90%
71Is probably #2Holy Roman Empire
90%
49Has hair like sheep hornsNew Zealand
90%
66Grandfather of #1, #12, and #52Roman Empire
90%
44Hates #43Turkey
90%
51Always annoyed by #50Wy
90%
68Mother of #43Ancient Greece
85%
48Has a koalaAustralia
85%
15Sister of #14Belgium
85%
45Wants #43 and #44 to get alongCyprus
85%
42Little brother of #40Moldova
85%
41Best friend of #40Bulgaria
80%
25Talks back to #8Latvia
80%
24Saved #23 from #10Lithuania
80%
14Stingy with moneyNetherlands
80%
23CrossdressesPoland
80%
52Brother of #1 and #12Seborga
80%
67The bodyguard of #66Germania
75%
16Brother of #14Luxembourg
75%
69Mother of #47Ancient Egypt
70%
39Likes elephantsIndia
70%
63Mistakes #9 for #4Cuba
65%
54Pretentious brother of #51Hutt River
65%
59Loves the oceanSeychelles
65%
56Lives in a computerLadonia
60%
47Is always quietEgypt
55%
64The only South American countryEcuador
50%
32Former charge of #5Hong Kong
50%
55REALLY likes artKugelmugel
50%
58Will beat anyone at pokerMonaco
50%
34Sister of #32Taiwan
50%
38Smiles a lotThailand
50%
46Brother of #45TRNC
50%
35Doesn't like to smileVietnam
50%
33Pretty pervertedSouth Korea
45%
62Likes to play soccerCameroon
40%
36Best friend of #13Macau
40%
53Likes to gardenMolossia
40%
79rich brother of #78Singapore
40%
78has hair like tiger earsMalaysia
35%
75Represents the newspapers of countriesMr. Newspapers
35%
37A monkTibet
35%
77has a cracked phone screenIndonesia
30%
65Used to attack #8Mongolia
25%
57Has a son nowNiko Niko Republic
25%
76first new character after HWS resumedPhilippines
20%
74Region of #6Picardy
20%
70Fights with #66Persia
15%
72Has a beautiful singing voiceKnights Templar
10%
73Companion of #72Knights Hospitaller
5%

Score Distribution

Percentile by Number Answered

Percent of People with Each Score

Your Score History

You have not taken this quiz since the last reset